Hydraulické pochody : Zbierka príkladov
Salvato in:
| Autori principali: | , , |
|---|---|
| Natura: | Libro |
| Lingua: | slovacco |
| Pubblicazione: |
Bratislava :
STU v Bratislave,
1994
|
| Edizione: | 3. vyd. |
| Tags: |
Nessun Tag, puoi essere il primo ad aggiungerne!!
|
MARC
| LEADER | 00000nam a22000003a 4500 | ||
|---|---|---|---|
| 001 | stu32704 | ||
| 005 | 20150617225731.9 | ||
| 008 | 960213s1994----xo------------------slo-d | ||
| 020 | |a 80-227-0640-X | ||
| 040 | |a STU |b slo | ||
| 041 | 0 | |a slo | |
| 044 | |a xo | ||
| 080 | |a 621.22 | ||
| 100 | 1 | |a Vavro, Karol |4 aut |u J180 |U SjF Ústav chemických a hydraulických strojov a zariadení |T SjF Katedra chemických strojov v zariadení |U J180 |Y 43 | |
| 245 | 1 | |a Hydraulické pochody : |b Zbierka príkladov | |
| 250 | |a 3. vyd. | ||
| 260 | |a Bratislava : |b STU v Bratislave, |c 1994 | ||
| 300 | |a 223 s | ||
| 700 | 1 | |a Novák, Václav |4 aut | |
| 700 | 1 | |a Rieger, František |4 aut | |
| 996 | |b 284J002297 |c J*2568-2 |l JJSK |s A |a 24 |w stu32704_0001 | ||
| 996 | |b 284J002298 |c J*2568-3 |l JJSK |s A |a 24 |w stu32704_0002 | ||
| 996 | |b 284J002301 |c J*2568-6 |l JJSK |s A |a 24 |w stu32704_0003 | ||
| 996 | |b 284J002302 |c J*2568-7 |l JJSK |s A |a 24 |w stu32704_0004 | ||
| 996 | |b 284J002303 |c J*2568-8 |l JJSK |s A |a 24 |w stu32704_0005 | ||
| 996 | |b 284J002304 |c J*2568-9 |l JJSK |s A |a 24 |w stu32704_0006 | ||
| 996 | |b 284J002305 |c J*2568-10 |l JJSK |s A |a 24 |w stu32704_0007 | ||
| 996 | |b 284J002296 |c J*2568-1 |l JJSK |s A |a 24 |w stu32704_0008 | ||
| 996 | |b 284J002299 |c J*2568-4 |l JJSK |s A |a 24 |w stu32704_0009 | ||
| 996 | |b 284J032499 |c J*91998 |l JJST |s P |a 0 |w stu32704_0010 | ||
| 996 | |b 284J030217 |c J*91997 |l JJST |s P |a 0 |w stu32704_0011 | ||
| 996 | |b 284J002300 |c J*2568-5 |l JJSK |s A |a 24 |w stu32704_0012 | ||